| 000 | 00886nam a2200241 i 4500 | ||
|---|---|---|---|
| 001 | 169205 | ||
| 003 | ES-MaACL | ||
| 005 | 20250812062541.0 | ||
| 008 | 080822s1959 sp |||| | spa d | ||
| 080 | _a316.77:82 | ||
| 100 | 1 |
_aHoria, Vintila ( _d1915-1992) _964193 |
|
| 245 | 1 | 0 |
_aPoesía y libertad / _cVintila Horia. |
| 260 |
_aMadrid : _bAteneo, _c1959. |
||
| 300 |
_a35 p., [1] h. de lám. ; _c19 cm. |
||
| 490 | 1 |
_aColección O crece o muere ; _v134 |
|
| 594 | _aEste trabajo fue dado a conocer por su autor en la conferencia pronunciada en el Ateneo de Madrid el día 19 de mayo de 1959. | ||
| 610 | 2 | 4 |
_aAteneo de Madrid- _vConferencias- _y1940-1982. _91908 |
| 650 | 0 | 7 |
_aLiteratura y sociedad _2embne _914679 |
| 830 | 0 | 0 |
_aColección "O crece o muere" _v134 _9183476 |
| 852 |
_aES-MaACL _j2243-F-3 |
||
| 852 |
_aES-MaACL _j1614-F-15 |
||
| 999 |
_c169205 _d169205 |
||